000 00685nam a2200217 a 4500
001 77714
003 BD-RjUL
005 20211209083020.0
008 201231s1983 bg ||||| |||| 00| 0 eng d
035 _a(BD-RjUL)77940
040 _aBD-RjUL
_beng
_cBD-RjUL
041 _aben
082 _223
_a523.7
_bGAS 1983
100 _aগ্যামাও, জর্স
_9147543
245 1 0 _aসূর্যের জন্ম ও মৃত্যু /
_cজর্স গ্যামাও
260 _aঢাকা :
_bবাংলা একাডেমী,
_c১৯৮৩
300 _a১৭৯ পৃ.;
650 _aসূর্য
_9243107
650 _aSun
_9243108
942 _2ddc
_cBK
999 _c77714
_d77714